[Event "39th Olympiad Women"]
[Site "Khanty-Mansiysk RUS"]
[Date "2010.09.25"]
[Round "5"]
[White "Terao, Juliana Sayumi"]
[Black "Vargas, Gabriela"]
[Result "1/2-1/2"]
[WhiteTitle "WFM"]
[BlackTitle "WFM"]
[WhiteElo "2138"]
[BlackElo "2085"]
[Board "37.1"]
[WhiteTeam "BRA"]
[BlackTeam "PAR"]
[WhiteFideId "2109220"]
[BlackFideId "3700860"]
[EventDate "2010.09.21"]
[EventType "team"]

1. e4 c6 2. d4 d5 3. exd5 cxd5 4. c4 Nf6 5. Nc3 e6 6. Nf3 Be7 7. cxd5 Nxd5 8.
Bd3 Nc6 9. O-O Bf6 10. Re1 O-O 11. a3 g6 12. Be4 Nce7 13. Bh6 Bg7 14. Bg5 Bf6
15. Rc1 Bxg5 16. Nxg5 Bd7 17. h4 Bc6 18. h5 Nxc3 19. bxc3 Nf5 20. Qg4 Bxe4 21.
Rxe4 Qf6 22. Re5 Rad8 23. g3 Nh6 24. Qh4 Nf5 25. Qf4 h6 26. Ne4 Qg7 27. hxg6
Qxg6 28. Kg2 Rde8 29. Nc5 Re7 30. Rh1 b6 31. Ne4 f6 32. Rb5 e5 33. Qf3 Rg7 34.
Rh5 Ne7 35. dxe5 fxe5 36. Qe2 Nc6 37. Rd5 Rf4 38. Rd6 Rxe4 39. Rxg6 Rxe2 40.
Rxc6 Ra2 41. Rcxh6 Rxa3 42. Rxe5 Rxc3 43. Re8+ Kf7 44. Ra8 Rc7 45. f3 Rg6 46.
Rh7+ Rg7 47. Rh6 Rg6 1/2-1/2

[Event "39th Olympiad Women"]
[Site "Khanty-Mansiysk RUS"]
[Date "2010.09.25"]
[Round "5"]
[White "Perez, Dalila"]
[Black "Pereira, Amanda Marques"]
[Result "1-0"]
[BlackTitle "WFM"]
[WhiteElo "1684"]
[BlackElo "1980"]
[Board "37.2"]
[WhiteTeam "PAR"]
[BlackTeam "BRA"]
[WhiteFideId "3702014"]
[BlackFideId "2114003"]
[EventDate "2010.09.21"]
[EventType "team"]

1. d4 Nf6 2. c4 d6 3. Nc3 Nbd7 4. e4 e5 5. d5 Nc5 6. Qc2 a5 7. Be3 g6 8. Nge2
Bg7 9. Ng3 O-O 10. Be2 Ne8 11. O-O f5 12. exf5 gxf5 13. Nh5 Rf7 14. Rae1 Na6 15.
f4 e4 16. Nxg7 Rxg7 17. Bd4 Nf6 18. Nd1 Rg6 19. Qc3 c5 20. dxc6 bxc6 21. c5 Nd5
22. Qc1 dxc5 23. Bxc5 Nxc5 24. Qxc5 Qh4 25. Bc4 Be6 26. Re2 Rc8 27. Qxa5 Nxf4
28. Bxe6+ Rxe6 29. Ref2 Rh6 30. h3 Nd3 31. Qxf5 Re8 32. Qf7+ 1-0

[Event "39th Olympiad Women"]
[Site "Khanty-Mansiysk RUS"]
[Date "2010.09.25"]
[Round "5"]
[White "Gazola, Vanessa Ramos"]
[Black "Rojas, Montserrat"]
[Result "1-0"]
[WhiteElo "1983"]
[BlackElo "1609"]
[Board "37.3"]
[WhiteTeam "BRA"]
[BlackTeam "PAR"]
[WhiteFideId "2112590"]
[BlackFideId "3701670"]
[EventDate "2010.09.21"]
[EventType "team"]

1. d4 Nf6 2. c4 g6 3. Nc3 Bg7 4. e4 d6 5. Be2 O-O 6. Bg5 c5 7. d5 Ne8 8. Qd2 f5
9. Nf3 a6 10. a4 fxe4 11. Nxe4 Nf6 12. Ng3 Ng4 13. h3 Ne5 14. Nxe5 Bxe5 15. O-O
Qe8 16. Kh1 Rf7 17. Bd3 e6 18. Be4 Ra7 19. a5 Bxg3 20. fxg3 e5 21. g4 Nd7 22.
Qd3 Kg7 23. Rxf7+ Qxf7 24. Rf1 Qe8 25. Qe3 b5 26. axb6 Ra8 27. Bh6+ Kg8 28. h4
Bb7 29. h5 Qe7 30. Bg5 Qg7 31. h6 Qh8 32. Be7 Re8 33. Bxd6 Nf6 34. Qf3 1-0

[Event "39th Olympiad Women"]
[Site "Khanty-Mansiysk RUS"]
[Date "2010.09.25"]
[Round "5"]
[White "Avalos, Leticia"]
[Black "Correa, Jaqueline Pamplona"]
[Result "1/2-1/2"]
[WhiteTitle "WCM"]
[WhiteElo "1633"]
[BlackElo "1963"]
[Board "37.4"]
[WhiteTeam "PAR"]
[BlackTeam "BRA"]
[WhiteFideId "3702073"]
[BlackFideId "2113899"]
[EventDate "2010.09.21"]
[EventType "team"]

1. d4 Nf6 2. Nf3 g6 3. Bf4 Bg7 4. e3 O-O 5. Be2 d6 6. h3 Nfd7 7. O-O e5 8. Bh2
Nc6 9. c3 h6 10. Na3 f5 11. Qb3+ Kh7 12. dxe5 dxe5 13. Rfd1 a6 14. Rd2 Qe7 15.
Rad1 Nc5 16. Qc2 Ne4 17. Rd3 Nxf2 18. Kxf2 e4 19. R3d2 exf3 20. Bxf3 Ne5 21. Bd5
Ng4+ 22. hxg4 fxg4+ 23. Bf4 g3+ 24. Kxg3 Be5 25. Be4 Qg5+ 26. Kh2 Rxf4 27. exf4
Qxf4+ 28. Kg1 Qh2+ 29. Kf1 Qh1+ 30. Kf2 Qh4+ 31. Kg1 Qh2+ 32. Kf1 Qh1+ 33. Kf2
Qh4+ 34. Kg1 Qh2+ 1/2-1/2

[Event "39th Olympiad Women"]
[Site "Khanty-Mansiysk RUS"]
[Date "2010.09.25"]
[Round "5"]
[White "Blackburn, Suzie G."]
[Black "Chen, I-Chen"]
[Result "1-0"]
[WhiteTitle "WFM"]
[WhiteElo "1939"]
[BlackElo "1699"]
[Board "38.1"]
[WhiteTeam "WLS"]
[BlackTeam "TPE"]
[WhiteFideId "414930"]
[BlackFideId "16300181"]
[EventDate "2010.09.21"]
[EventType "team"]

1. d4 Nf6 2. Nf3 d5 3. Bg5 Ne4 4. Bf4 Bf5 5. e3 h6 6. c4 e6 7. Qb3 Qc8 8. cxd5
exd5 9. Qxd5 Bb4+ 10. Nbd2 Nxd2 11. Nxd2 O-O 12. Qc4 Bxd2+ 13. Kxd2 c6 14. Bd3
Be6 15. Qb4 Nd7 16. Rhc1 Nb6 17. Bg3 Qd7 18. Qd6 Rfd8 19. Qxd7 Rxd7 20. b4 Nd5
21. b5 Ne7 22. bxc6 Nxc6 23. Bb5 Bd5 24. f3 f5 25. a3 a6 26. Bc4 Ne7 27. Kd3 b5
28. Bxd5+ Nxd5 29. e4 fxe4+ 30. fxe4 Nb6 31. Rc6 Nc4 32. Ra2 Na5 33. Rc7 Rad8
34. d5 Kf7 35. Rf2+ Ke8 36. Be5 Nc4 37. Bg3 Nxa3 38. Rc6 a5 39. Bc7 Ra8 40. Bd6
Rxd6 41. Rxd6 Nc4 42. Re6+ Kd7 43. Rf7+ Kd8 44. Rf8+ 1-0

[Event "39th Olympiad Women"]
[Site "Khanty-Mansiysk RUS"]
[Date "2010.09.25"]
[Round "5"]
[White "Lin, Yu-Tong Elaine"]
[Black "Roberts, Lynda"]
[Result "0-1"]
[WhiteElo "1464"]
[BlackElo "1999"]
[Board "38.2"]
[WhiteTeam "TPE"]
[BlackTeam "WLS"]
[WhiteFideId "16300149"]
[BlackFideId "1800191"]
[EventDate "2010.09.21"]
[EventType "team"]

1. e4 e6 2. d4 d5 3. exd5 exd5 4. Bd3 Bd6 5. Nf3 Ne7 6. O-O h6 7. Re1 O-O 8. c3
Bf5 9. Bxf5 Nxf5 10. Qb3 b6 11. Nbd2 c6 12. Ne5 Qc7 13. Ndf3 Nd7 14. Qc2 Ne7 15.
c4 Nxe5 16. dxe5 Bc5 17. cxd5 Nxd5 18. a3 a5 19. Qf5 Qc8 20. Qh5 Qe6 21. Bd2
Rad8 22. Rac1 Ne7 23. Bc3 Ng6 24. Bxa5 Bxf2+ 25. Kxf2 bxa5 26. Re4 Qb3 27. Rxc6
Qxb2+ 28. Kg3 Qb5 29. Rcc4 Rd3 30. Qf5 Rxa3 31. Rcd4 Ra2 32. h4 Qf1 33. Qh3 Qf2+
34. Kh2 f5 35. Re1 Ra3 36. Rd2 Qc5 37. Qg3 Ne7 38. Rde2 a4 39. e6 Rb3 40. Ra2 a3
41. Rea1 Rf6 42. Qe1 Qd6+ 43. Kh1 Rxe6 44. Qa5 Ree3 45. Nd2 Rbc3 46. Nf1 Red3
47. Re1 Qf6 48. g3 Qc6+ 49. Kg1 Qd6 50. Qa8+ Kh7 51. Rae2 Qc5+ 52. Kh2 Rc2 53.
Qf8 Ng6 54. Qe8 a2 55. h5 Nh8 56. Kh3 Rxe2 57. Rxe2 a1=Q 58. Re1 Qad4 59. Re7
Qg4+ 60. Kg2 Qc2+ 0-1

[Event "39th Olympiad Women"]
[Site "Khanty-Mansiysk RUS"]
[Date "2010.09.25"]
[Round "5"]
[White "Nasriddinzoda, Marvorii"]
[Black "Pacheco Medina, Hilzandryly"]
[Result "1-0"]
[WhiteElo "1943"]
[BlackElo "1875"]
[Board "40.1"]
[WhiteTeam "TJK"]
[BlackTeam "PUR"]
[WhiteFideId "14700395"]
[BlackFideId "3100480"]
[EventDate "2010.09.21"]
[EventType "team"]

1. f4 b6 2. b3 Bb7 3. Bb2 e6 4. Nf3 Nf6 5. e3 Be7 6. Be2 d5 7. O-O O-O 8. Ne5 c5
9. d3 Nbd7 10. Nd2 Qc7 11. Ndf3 Rfd8 12. Qe1 h6 13. g4 Nxe5 14. Nxe5 Nh7 15. Qg3
f6 16. Ng6 Bd6 17. Qh3 Re8 18. Rf2 e5 19. fxe5 fxe5 20. Raf1 Rad8 21. Qh4 Re6
22. Qh5 Bc8 23. Rf7 Rd7 24. Rxd7 Qxd7 25. Nxe5 Qc7 26. Ng6 Ng5 27. Bc1 Bxh2+ 28.
Kg2 Qg3+ 29. Kh1 Rf6 30. Ne7+ Kh7 31. Qxh2 Rxf1+ 32. Bxf1 Qe1 33. Qe2 Qh4+ 34.
Qh2 Qe1 35. Qf4 Qh4+ 36. Kg1 Bxg4 37. Nf5 Qh5 38. Ng3 Qh4 39. Bg2 h5 40. Qf2 Bf3
41. e4 Bxg2 42. Qf5+ Kh8 43. Kxg2 1-0

[Event "39th Olympiad Women"]
[Site "Khanty-Mansiysk RUS"]
[Date "2010.09.25"]
[Round "5"]
[White "Sanchez Rodriguez, Wilmairi"]
[Black "Antonova, Nadezhda"]
[Result "0-1"]
[WhiteElo "1812"]
[BlackElo "1838"]
[Board "40.2"]
[WhiteTeam "PUR"]
[BlackTeam "TJK"]
[WhiteFideId "3101185"]
[BlackFideId "14700182"]
[EventDate "2010.09.21"]
[EventType "team"]

1. e4 e5 2. f4 d6 3. Nf3 Qe7 4. Bc4 exf4 5. O-O Bg4 6. Nc3 c6 7. a4 Nd7 8. d4 g5
9. b3 O-O-O 10. Ba3 Qf6 11. a5 Bg7 12. Ne2 Ne7 13. Bd3 Ng6 14. c3 h5 15. Nd2 Qe6
16. Nc4 Nb8 17. Qd2 d5 18. exd5 cxd5 19. Nb2 Rhe8 20. Rae1 Qe3+ 21. Qxe3 Rxe3
22. h3 Bd7 23. Nc1 Rde8 24. Re2 Nh4 25. Kf2 Nc6 26. b4 Bf8 27. Nd1 Rxe2+ 28.
Bxe2 Nxa5 29. bxa5 Bxa3 30. Nb3 Nf5 31. Re1 Ng3 32. Bf3 Ne4+ 33. Kg1 Ba4 34.
Bxe4 Bxb3 35. Bf5+ Kd8 36. Rf1 Bc4 37. Nf2 Bxf1 38. Kxf1 Bc1 39. Nd3 f6 40. Nc5
Kc7 41. Ne6+ Kd6 42. Nc5 Re7 43. Bc8 Bb2 44. Na4 Rc7 45. Nxb2 Rxc8 46. Nd1 Rc4
47. Ke2 Ra4 0-1

[Event "39th Olympiad Women"]
[Site "Khanty-Mansiysk RUS"]
[Date "2010.09.25"]
[Round "5"]
[White "Comas Colon, Rinelly"]
[Black "Ilhom, Mootribai"]
[Result "1/2-1/2"]
[WhiteElo "1696"]
[BlackElo "1639"]
[Board "40.4"]
[WhiteTeam "PUR"]
[BlackTeam "TJK"]
[WhiteFideId "3101576"]
[BlackFideId "14700204"]
[EventDate "2010.09.21"]
[EventType "team"]

1. c4 d5 2. cxd5 Qxd5 3. Nc3 Qd8 4. g3 Nf6 5. Bg2 c6 6. Nf3 Bf5 7. O-O h6 8. d3
e6 9. h3 Nbd7 10. a3 Be7 11. b4 Nd5 12. Nxd5 cxd5 13. Bb2 Bf6 14. Qb3 O-O 15.
Rac1 Rc8 16. Rxc8 Qxc8 17. Rc1 Qb8 18. Bxf6 Nxf6 19. Qc3 Nd7 20. Qc7 e5 21. Nd2
Nb6 22. Qxb8 Rxb8 23. Rc7 Be6 24. Nb3 Na8 25. Rc1 Nb6 26. Rc7 Na8 27. Rc1 Nb6 1/2-1/2

[Event "39th Olympiad Women"]
[Site "Khanty-Mansiysk RUS"]
[Date "2010.09.25"]
[Round "5"]
[White "Cordero, Daniela"]
[Black "Krifa, Najla"]
[Result "1-0"]
[WhiteTitle "WIM"]
[BlackTitle "WFM"]
[WhiteElo "2055"]
[BlackElo "1794"]
[Board "42.1"]
[WhiteTeam "BOL"]
[BlackTeam "TUN"]
[WhiteFideId "3301630"]
[BlackFideId "5501040"]
[EventDate "2010.09.21"]
[EventType "team"]

1. d4 d5 2. Nf3 Nf6 3. c4 e6 4. g3 c6 5. Qc2 Be7 6. Bg2 O-O 7. O-O Nbd7 8. b3
Re8 9. Nc3 Bd6 10. e4 dxe4 11. Ng5 Nf8 12. Ngxe4 h6 13. Rd1 Nxe4 14. Nxe4 Be7
15. Bb2 Nh7 16. f4 Nf6 17. Nf2 Qc7 18. Nd3 Bd7 19. Ne5 Rad8 20. c5 Nd5 21. Qf2
Nf6 22. g4 Nd5 23. Rd3 Rf8 24. Rh3 f6 25. Ng6 Rf7 26. Re1 Qa5 27. f5 Nc7 28. Bc3
Qa3 29. Bf1 b5 30. Qd2 Re8 31. Ba5 Bd8 32. b4 Qa4 33. Ree3 exf5 34. Ra3 fxg4 35.
Rxa4 gxh3 36. Ra3 Bf5 37. Nh4 Be4 38. Bxh3 f5 39. Nf3 Bxf3 40. Rxf3 Bg5 41. Qd3
f4 42. Bxc7 Rxc7 43. d5 cxd5 44. Qxd5+ Kh8 45. Bd7 Rd8 46. c6 1-0

[Event "39th Olympiad Women"]
[Site "Khanty-Mansiysk RUS"]
[Date "2010.09.25"]
[Round "5"]
[White "Marzouk, Amira"]
[Black "Ramirez M., Eugenia"]
[Result "0-1"]
[WhiteTitle "WCM"]
[WhiteElo "1745"]
[BlackElo "2031"]
[Board "42.2"]
[WhiteTeam "TUN"]
[BlackTeam "BOL"]
[WhiteFideId "5501148"]
[BlackFideId "3301680"]
[EventDate "2010.09.21"]
[EventType "team"]

1. e4 e5 2. Nf3 Nc6 3. d4 exd4 4. Bc4 Bc5 5. c3 Qe7 6. O-O Ne5 7. Nxe5 Qxe5 8.
f4 dxc3+ 9. Kh1 Qd4 10. Qb3 Qxe4 11. Bxf7+ Kf8 12. Nxc3 Qf5 13. Bc4 c6 14. Bd2
d5 15. Be2 Nf6 16. Rae1 Rb8 17. Bf3 Qd7 18. Na4 Bd6 19. Bb4 b6 20. Bxd6+ Qxd6
21. Qe3 Ba6 22. Be2 Re8 23. Qf3 Bxe2 24. Rxe2 Rxe2 25. Qxe2 b5 26. Nc3 Kf7 27.
Qf2 Qc7 28. Rc1 Rb8 29. Qf3 Qb6 30. h3 Re8 31. Qf1 Ne4 32. Nxe4 Rxe4 33. Re1
Rxe1 34. Qxe1 Qd4 35. Qc1 c5 36. Qc2 g6 37. f5 Qe3 38. fxg6+ hxg6 39. Qd1 Ke6
40. Qg4+ Kf6 41. Qh4+ Kf5 42. Qg4+ Kf6 43. Qh4+ Kg7 44. Qd8 d4 45. Qc7+ Kf6 46.
Qxc5 Qe1+ 47. Kh2 Qe5+ 48. Qxe5+ Kxe5 49. Kg1 Ke4 50. Kf2 Kd3 0-1

[Event "39th Olympiad Women"]
[Site "Khanty-Mansiysk RUS"]
[Date "2010.09.25"]
[Round "5"]
[White "Luna, Raisa"]
[Black "Matoussi, Amani"]
[Result "1-0"]
[WhiteTitle "WFM"]
[WhiteElo "2030"]
[BlackElo "1545"]
[Board "42.3"]
[WhiteTeam "BOL"]
[BlackTeam "TUN"]
[WhiteFideId "3301508"]
[BlackFideId "5501156"]
[EventDate "2010.09.21"]
[EventType "team"]

1. d4 d5 2. c4 c6 3. Nf3 Nf6 4. cxd5 cxd5 5. Nc3 Nc6 6. Bf4 Qb6 7. a3 Bg4 8. Na4
Qd8 9. Ne5 Bf5 10. f3 Nd7 11. g4 Ndxe5 12. gxf5 Nc4 13. e3 b5 14. Nc3 a6 15. b3
Nxa3 16. Rxa3 b4 17. Rxa6 Rxa6 18. Bxa6 bxc3 19. Qa1 Qa5 20. Qxa5 Nxa5 21. b4
Nb3 22. Kd1 e5 23. fxe6 Bxb4 24. Kc2 Nd2 25. e4 dxe4 26. Bxd2 cxd2 27. fxe4 fxe6
28. Rb1 Bd6 29. Rb7 O-O 30. e5 Ba3 31. Kxd2 Rf2+ 32. Kd3 Rxh2 33. Bc4 Rh6 34.
Rd7 Rh3+ 35. Kc2 Rh6 36. Kb3 Bf8 37. d5 exd5 38. Bxd5+ Kh8 39. Rd8 Rh3+ 40. Kc4
Rh4+ 41. Kb5 Rf4 42. e6 g5 43. e7 Kg7 44. e8=Q 1-0

[Event "39th Olympiad Women"]
[Site "Khanty-Mansiysk RUS"]
[Date "2010.09.25"]
[Round "5"]
[White "Al-Khelaifi, Salama"]
[Black "Saleh, Nora Mohd"]
[Result "1-0"]
[WhiteTitle "WFM"]
[BlackTitle "WIM"]
[WhiteElo "1736"]
[BlackElo "1906"]
[Board "43.1"]
[WhiteTeam "QAT"]
[BlackTeam "UAE"]
[WhiteFideId "12100048"]
[BlackFideId "9301607"]
[EventDate "2010.09.21"]
[EventType "team"]

1. d4 d5 2. Nc3 Nf6 3. Bg5 Bf5 4. Bxf6 exf6 5. e3 c6 6. Bd3 Bxd3 7. Qxd3 Bb4 8.
Ne2 Nd7 9. O-O-O O-O 10. g4 b5 11. h4 a5 12. g5 g6 13. gxf6 Nxf6 14. Rdg1 Kh8
15. Nf4 Bd6 16. Nce2 Rg8 17. h5 Nxh5 18. Nxh5 b4 19. Nhf4 a4 20. Kb1 Ra7 21. e4
dxe4 22. Qxe4 Qb6 23. d5 Re7 24. Qd3 Qxf2 25. Rf1 Qe3 26. Qxe3 Rxe3 27. Nd4 Re4
28. Nfe2 f5 29. dxc6 Rge8 30. Kc1 Be5 31. c3 Re7 32. Kd2 a3 33. cxb4 Bxd4 34.
Nxd4 Rxd4+ 35. Kc3 Rd6 36. b5 axb2 37. Kxb2 Kg8 38. Rd1 Rde6 39. Rc1 Rc7 40. a4
f4 41. a5 Re5 42. b6 Rb5+ 43. Ka3 Rxa5+ 44. Kb4 Ra8 45. bxc7 Rc8 46. Kb5 Rxc7
47. Kb6 1-0

[Event "39th Olympiad Women"]
[Site "Khanty-Mansiysk RUS"]
[Date "2010.09.25"]
[Round "5"]
[White "Al-Zarouni, Kholoud Essa"]
[Black "Al-khelaifi, Aisha"]
[Result "1-0"]
[WhiteTitle "WFM"]
[WhiteElo "1890"]
[BlackElo "1635"]
[Board "43.2"]
[WhiteTeam "UAE"]
[BlackTeam "QAT"]
[WhiteFideId "9301194"]
[BlackFideId "12100625"]
[EventDate "2010.09.21"]
[EventType "team"]

1. e4 e5 2. Nf3 Nf6 3. Nxe5 d6 4. Nf3 Nxe4 5. Nc3 Nxc3 6. dxc3 Be7 7. Bf4 Nc6 8.
Qd2 Be6 9. O-O-O a6 10. h3 Qd7 11. Kb1 O-O-O 12. Ng5 Bxg5 13. Bxg5 f6 14. Be3
Rhe8 15. g4 h6 16. Bg2 Bf7 17. b3 Bg6 18. h4 Kb8 19. g5 h5 20. gxf6 gxf6 21.
Bxc6 Qxc6 22. Qd4 Qe4 23. Qxe4 Bxe4 24. Rhg1 Rg8 25. Bd4 f5 26. Bf6 Rde8 27. Rg5
Rxg5 28. Bxg5 Bf3 29. Rd3 Be4 30. Re3 Bc6 31. Rg3 b6 32. Be3 Rf8 33. Bf4 Rf7 34.
Kc1 Rh7 35. Kd2 Kc8 36. Ke3 Be4 37. Kd2 Kd7 38. f3 Bd5 39. Ke3 Ke7 40. Rg1 Kd7
41. Rg5 Ke6 42. Kf2 Kf6 43. Be3 Bf7 44. Kg3 c5 45. c4 Bg6 46. Kf4 Re7 47. Rg1
Rd7 48. Rd1 Bf7 49. Bc1 Bg6 50. Bb2+ Kf7 51. Kg5 Rd8 52. Be5 Bh7 53. Rxd6 Rg8+
54. Kh6 Bg6 55. Rf6+ Ke7 56. Rxg6 Rh8+ 1-0

[Event "39th Olympiad Women"]
[Site "Khanty-Mansiysk RUS"]
[Date "2010.09.25"]
[Round "5"]
[White "Safar, Reem"]
[Black "Al-Harmoudi, Mona"]
[Result "1/2-1/2"]
[WhiteTitle "WFM"]
[BlackTitle "WIM"]
[WhiteElo "1702"]
[BlackElo "1821"]
[Board "43.3"]
[WhiteTeam "QAT"]
[BlackTeam "UAE"]
[WhiteFideId "12100269"]
[BlackFideId "9301631"]
[EventDate "2010.09.21"]
[EventType "team"]

1. d4 d5 2. c4 e5 3. dxe5 d4 4. Nf3 Nc6 5. g3 Nge7 6. Bg2 Ng6 7. O-O Ngxe5 8.
Nxe5 Nxe5 9. Qa4+ c6 10. Rd1 Qb6 11. Qb3 Qc5 12. Nd2 f5 13. Nf3 Nxf3+ 14. Bxf3
Be7 15. e3 Bf6 16. exd4 Bxd4 17. Re1+ Kf7 18. Be3 Bxe3 19. Rxe3 Re8 20. Rxe8
Kxe8 21. Qc3 Kf8 22. Re1 Bd7 23. Bh5 Rd8 24. b4 Qd6 25. c5 Qh6 26. Qe5 Qf6 27.
Qxf6+ gxf6 28. Rd1 Ke7 29. Kf1 a6 30. f4 Be6 31. Rxd8 Kxd8 32. a3 Ke7 33. Ke2
Bc4+ 34. Ke3 h6 35. g4 fxg4 36. Bxg4 Be6 37. f5 Bd5 38. Kf4 Kf8 39. Bh5 Bc4 40.
Bd1 Bd5 41. Bc2 Ke7 42. Kg4 Bf7 43. Kf4 Kf8 44. h4 Ke7 45. Ke4 Bd5+ 46. Kd4 Bf7
47. a4 Be8 48. Bd3 Bd7 49. Be4 Kd8 50. b5 a5 51. b6 1/2-1/2

[Event "39th Olympiad Women"]
[Site "Khanty-Mansiysk RUS"]
[Date "2010.09.25"]
[Round "5"]
[White "Taweesupmun, Chanida"]
[Black "Perez, Eneida"]
[Result "0-1"]
[BlackTitle "WFM"]
[WhiteElo "1904"]
[BlackElo "2099"]
[Board "46.1"]
[WhiteTeam "THA"]
[BlackTeam "DOM"]
[WhiteFideId "6200117"]
[BlackFideId "602795"]
[EventDate "2010.09.21"]
[EventType "team"]

1. d4 d5 2. c4 e6 3. Nf3 c6 4. e3 f5 5. Nc3 Nf6 6. Bd3 Bd6 7. Bd2 Ne4 8. Ne5 Qh4
9. g3 Qf6 10. f4 Nd7 11. Qe2 Nxd2 12. Kxd2 dxc4 13. Bxc4 Nb6 14. Bd3 Bd7 15. g4
O-O-O 16. g5 Qe7 17. g6 Bxe5 18. dxe5 hxg6 19. Kc2 Qc5 20. h4 Nd5 21. Rh3 Nb4+
22. Kb1 Nxd3 23. Qxd3 Be8 24. Qe2 Bf7 25. Kc2 b5 26. a3 Rd7 27. b4 Qb6 28. Rd1
Rxd1 29. Qxd1 Rd8 30. Qe2 Be8 31. Rh1 c5 32. Rc1 c4 33. Rd1 a5 34. Rxd8+ Qxd8
35. bxa5 Qxa5 36. a4 Qb4 37. Qd2 Qb3+ 38. Kc1 b4 39. Nb5 Bxb5 40. axb5 c3 41.
Qd3 Qb2+ 42. Kd1 b3 43. Qc4+ Kb8 0-1

[Event "39th Olympiad Women"]
[Site "Khanty-Mansiysk RUS"]
[Date "2010.09.25"]
[Round "5"]
[White "Ibrahim, Delbak Ismael"]
[Black "Bakri, Alia Anin Azwa"]
[Result "0-1"]
[WhiteTitle "WIM"]
[WhiteElo "1954"]
[BlackElo "1904"]
[Board "47.1"]
[WhiteTeam "IRQ"]
[BlackTeam "MAS"]
[WhiteFideId "4803116"]
[BlackFideId "5702712"]
[EventDate "2010.09.21"]
[EventType "team"]

1. e4 e6 2. d3 d5 3. Nd2 Nf6 4. Ngf3 Be7 5. g3 c5 6. Bg2 Nc6 7. O-O O-O 8. Re1
Qc7 9. c3 dxe4 10. dxe4 e5 11. Qc2 h6 12. Nc4 Be6 13. Ne3 Rfd8 14. Nf5 Bf8 15.
Be3 b5 16. h3 Rac8 17. g4 Qa5 18. g5 hxg5 19. Bxg5 b4 20. Bxf6 gxf6 21. N3h4 Ne7
22. Re3 Bxf5 23. Nxf5 Nxf5 24. exf5 Bh6 25. Rg3+ Kh7 26. Qe2 Rg8 27. Qc4 Rxg3
28. fxg3 Rf8 29. Rd1 Qa4 30. Rd6 Bg7 31. Bc6 Qc2 32. Qxc5 Qc1+ 33. Kh2 Qxb2+ 34.
Bg2 bxc3 35. Rxf6 Bxf6 36. Qxf8 Qxa2 37. Qd6 Kg7 38. Qd1 Qb2 39. Qg4+ Kf8 40.
Qc4 c2 41. Qc8+ Kg7 0-1

[Event "39th Olympiad Women"]
[Site "Khanty-Mansiysk RUS"]
[Date "2010.09.25"]
[Round "5"]
[White "Nur, Nabila Azman Hisham"]
[Black "Mohammed Qane,Jannar Worya"]
[Result "1/2-1/2"]
[WhiteTitle "WCM"]
[BlackTitle "WFM"]
[WhiteElo "1829"]
[BlackElo "1906"]
[Board "47.2"]
[WhiteTeam "MAS"]
[BlackTeam "IRQ"]
[WhiteFideId "5702135"]
[BlackFideId "4802144"]
[EventDate "2010.09.21"]
[EventType "team"]

1. d4 Nf6 2. c4 e6 3. Nc3 b6 4. Nf3 Ba6 5. e4 Bb4 6. Bg5 h6 7. Bxf6 Qxf6 8. a3
Bxc3+ 9. bxc3 O-O 10. Bd3 c5 11. e5 Qe7 12. Be4 Nc6 13. Qa4 Bb7 14. O-O Na5 15.
Bxb7 Nxb7 16. Rad1 cxd4 17. cxd4 d6 18. exd6 Qxd6 19. Qb4 Rfc8 20. Rc1 Qc7 21.
Rfd1 Na5 22. c5 Nc6 23. Qa4 Qb7 24. Rb1 Qe7 25. Rdc1 Qe8 26. Ne5 Kf8 27. Nxc6
Qxc6 28. Qxc6 Rxc6 29. cxb6 Rxc1+ 30. Rxc1 axb6 31. Rc3 Ra4 32. Rd3 Ke7 33. Kf1
Kd6 34. Ke2 Kd5 35. Rb3 Kxd4 36. Rxb6 Rxa3 37. Rb7 Ra2+ 38. Kf3 Ra3+ 39. Ke2
Ra2+ 40. Kf3 Ra3+ 1/2-1/2

[Event "39th Olympiad Women"]
[Site "Khanty-Mansiysk RUS"]
[Date "2010.09.25"]
[Round "5"]
[White "Kareen, Jalaluldeen"]
[Black "Wahiduddin, Nurul Huda"]
[Result "1/2-1/2"]
[WhiteTitle "WCM"]
[WhiteElo "1790"]
[BlackElo "2020"]
[Board "47.3"]
[WhiteTeam "IRQ"]
[BlackTeam "MAS"]
[WhiteFideId "4801776"]
[BlackFideId "5700396"]
[EventDate "2010.09.21"]
[EventType "team"]

1. d4 d5 2. c4 Nf6 3. Nc3 e6 4. Bg5 Be7 5. Nf3 c6 6. e3 O-O 7. Bd3 dxc4 8. Bxc4
Nbd7 9. O-O h6 10. Bh4 Re8 11. Rc1 Nf8 12. Ne5 N8d7 13. Bg3 Nxe5 14. Bxe5 Bd6
15. f4 Nd5 16. Qf3 Bf8 17. f5 Qg5 18. e4 Qe3+ 19. Kh1 Qxf3 20. Rxf3 Nb6 21. Bb3
exf5 22. exf5 Nd7 23. Re1 Nf6 24. Rff1 Bd7 25. Ne4 Nxe4 26. Rxe4 c5 27. f6 g6
28. dxc5 Bxc5 29. Rc1 Bc6 30. Ree1 Bb4 31. Bc3 Bxc3 32. bxc3 Kf8 33. Rcd1 a5 34.
a3 Rxe1+ 35. Rxe1 Re8 36. Rxe8+ Kxe8 37. Kg1 Bd7 38. Kf2 Be6 39. Ba4+ Kd8 40.
Ke3 Kc7 41. Kd4 Kd6 42. c4 b6 43. Bc2 Bd7 44. Be4 h5 45. Bd5 Be6 46. Be4 h4 47.
g3 h3 48. Bf3 Bf5 49. Bd5 Be6 50. Be4 g5 51. Bf3 Bf5 52. Bd5 Be6 53. Bf3 Bd7 54.
Bd5 1/2-1/2

[Event "39th Olympiad Women"]
[Site "Khanty-Mansiysk RUS"]
[Date "2010.09.25"]
[Round "5"]
[White "Fong, Mi Yen"]
[Black "Ismael, Maha"]
[Result "1-0"]
[WhiteElo "1905"]
[BlackElo "1861"]
[Board "47.4"]
[WhiteTeam "MAS"]
[BlackTeam "IRQ"]
[WhiteFideId "5703522"]
[BlackFideId "4803132"]
[EventDate "2010.09.21"]
[EventType "team"]

1. e4 c5 2. Nf3 e6 3. d4 cxd4 4. Nxd4 Nf6 5. Nc3 d6 6. f3 Nc6 7. Bc4 Be7 8. Be3
a6 9. Qd2 O-O 10. O-O-O Nxd4 11. Bxd4 b5 12. Bb3 e5 13. Be3 Bb7 14. g4 Rc8 15.
h4 Nd7 16. Bg5 Bxg5 17. hxg5 Nc5 18. Kb1 Nxb3 19. axb3 Qe7 20. Qh2 h6 21. gxh6
g6 22. Qd2 Rfd8 23. g5 Kh7 24. Rhf1 b4 25. Nd5 Bxd5 26. exd5 Qc7 27. Rf2 Qc5 28.
f4 e4 29. Qd4 Qxd4 30. Rxd4 e3 31. Re2 Re8 32. Rxb4 a5 33. Rb7 Kg8 34. Rb6 Rcd8
35. Rc6 Re4 36. Rc4 Re7 37. c3 Rf8 38. Kc2 f6 39. f5 fxg5 40. fxg6 Rf6 41. Rc8+
Rf8 42. h7+ Kg7 43. Rxf8 1-0

[Event "39th Olympiad Women"]
[Site "Khanty-Mansiysk RUS"]
[Date "2010.09.25"]
[Round "5"]
[White "Gonzalez, Yaribeth"]
[Black "Naipal, Ekaterina"]
[Result "1/2-1/2"]
[WhiteElo "1906"]
[BlackElo "1766"]
[Board "49.2"]
[WhiteTeam "PAN"]
[BlackTeam "SUR"]
[WhiteFideId "6600344"]
[BlackFideId "8200629"]
[EventDate "2010.09.21"]
[EventType "team"]

1. e4 c5 2. Nf3 Nc6 3. Bc4 d6 4. Nc3 Nf6 5. h3 a6 6. a4 h6 7. Qe2 e5 8. Nd5 Be6
9. d3 Be7 10. Nxf6+ Bxf6 11. Bxe6 fxe6 12. Nh2 O-O 13. Qg4 Nd4 14. O-O Nxc2 15.
Qxe6+ Kh8 16. Rb1 Nd4 17. Qg4 Qe8 18. b3 Rc8 19. Bd2 Rc7 20. Qd1 Qg6 21. b4 Rcf7
22. bxc5 Bh4 23. Be3 dxc5 24. Bxd4 cxd4 25. Qg4 Qxg4 26. Nxg4 Bf6 27. Rb6 Rc7
28. Rfb1 Rff7 1/2-1/2